| 000 | 00727nam a2200193 i 4500 | ||
|---|---|---|---|
| 001 | 84821 | ||
| 003 | ES-MaACL | ||
| 007 | t| | ||
| 008 | 041124s1986 sp ||||1| spa d | ||
| 020 | _a84-505-4055-0 | ||
| 111 | 2 |
_aJornadas de Economía de la Salud ( _n3ª. _d1983. _cMadrid) _9789 |
|
| 245 | 1 | 0 |
_aPlanificación y economía de la salud en las autonomías / _c[Terceras Jornadas de Economía de la Salud]. |
| 260 |
_a[Madrid : _bComunidad de Madrid, Consejería de Salud y Bienestar Social, Instituto Regional de Estudios, _c1986] |
||
| 300 |
_a515 p. ; _c21 cm. |
||
| 490 | 1 |
_aOtras publicaciones ; _v2 |
|
| 830 | 0 |
_aOtras publicaciones ; _v2 _9189990 |
|
| 852 |
_aES-MaACL _jG-10213 _bR.114842 |
||
| 999 |
_c84821 _d84821 |
||